[Event "South Wales Masters 3rd"]
[Site "Newport"]
[Date "1999.??.??"]
[Round "1"]
[White "Cast, Abigail"]
[Black "Dunworth, Christopher"]
[Result "1/2-1/2"]
[WhiteElo "2115"]
[BlackElo "2305"]
[PlyCount "103"]
[EventDate "1999.??.??"]
[EventType "tourn"]
[EventRounds "9"]
[EventCountry "WLS"]
[EventCategory "3"]
[SourceTitle "EXT 2000"]
[Source "ChessBase"]
[SourceDate "1999.11.16"]
[SourceVersion "1"]
[SourceVersionDate "1999.11.16"]
[SourceQuality "1"]

1. d4 d6 2. c4 e5 3. dxe5 dxe5 4. Qxd8+ Kxd8 5. Nf3 f6 6. Nc3 Be6 7. b3 c6 8. Bb2 Nh6 9. e3 Kc7 10. Be2 Nf7 11. Nd2 a5 12. g4 Na6 13. a3 Rd8 14. Nce4 h6 15. Bc3 b6 16. f4 exf4 17. exf4 f5 18. gxf5 Bxf5 19. Bh5 Nd6 20. Nxd6 Bxd6 21. Bxg7 Rhg8 22. Be5 Nc5 23. Be2 Rg2 24. Ra2 Nd3+ 25. Bxd3 Bxd3 26. Kd1 Bxe5 27. fxe5 a4 28. bxa4 Bxc4 29. Rb2 Bd5 30. Re1 Rxh2 31. Kc1 Re8 32. Nc4 Rxb2 33. Nxb2 Rf8 34. Nd3 Kd7 35. Kd2 h5 36. e6+ Kd6 37. e7 Re8 38. Nf4 Rxe7 39. Rxe7 Kxe7 40. Nxh5 Bb3 41. a5 bxa5 42. Kc3 Bf7 43. Nf4 Kd6 44. Kd4 Ba2 45. Nd3 Bb1 46. Nb2 Ba2 47. Nd3 Bg8 48. Nb2 c5+ 49. Kc3 Kc6 50. Nd3 Kb5 51. Nxc5 Kxc5 52. Kb2 1/2-1/2

[Event "South Wales Masters 3rd"]
[Site "Newport"]
[Date "1999.??.??"]
[Round "3"]
[White "Turner, Matthew"]
[Black "Dunworth, Christopher"]
[Result "1-0"]
[WhiteElo "2475"]
[BlackElo "2305"]
[PlyCount "79"]
[EventDate "1999.??.??"]
[EventType "tourn"]
[EventRounds "9"]
[EventCountry "WLS"]
[EventCategory "3"]
[SourceTitle "EXT 2000"]
[Source "ChessBase"]
[SourceDate "1999.11.16"]
[SourceVersion "1"]
[SourceVersionDate "1999.11.16"]
[SourceQuality "1"]

1. e4 c5 2. Nc3 Nc6 3. f4 g6 4. Nf3 Bg7 5. Bb5 Nd4 6. Bd3 d6 7. Nxd4 Bxd4 8. Bb5+ Bd7 9. Bxd7+ Qxd7 10. Qe2 g5 11. d3 0-0-0 12. fxg5 h6 13. Qf3 hxg5 14. Bxg5 Nf6 15. Bxf6 Bxf6 16. 0-0-0 Bxc3 17. bxc3 e6 18. Rdf1 Rh7 19. h4 c4 20. d4 Rdh8 21. g3 Qa4 22. Kd2 Qa5 23. Rb1 Qc7 24. Rb4 Rg7 25. Qf1 d5 26. exd5 exd5 27. Qf5+ Kb8 28. Qxd5 Rc8 29. Rf1 b6 30. Rf3 Rxg3 31. Rxf7 Rg2+ 32. Kc1 Rg1+ 33. Kb2 Qc6 34. Qe5+ Rc7 35. d5 Qc5 36. Rxc7 Qxc7 37. d6 Qd7 38. Rxc4 Rd1 39. Qh8+ Kb7 40. Rc7+ 1-0